000
00221nam a22000977a 4500
008
170125b xxu||||| |||| 00| 0 eng d
041
_a
eng
080
_a
61
245
_a
CLINICS IN SPORTS MEDICINE
_c
DREZ, D
942
_2
udc
_c
BK
999
_c
3686
_d
3686